Riconosci il Pokémon - Quiz n°384 - Statistics

Statistiche generali
  • Questo quiz è stato fatto 0 volte
  • Il punteggio medio è 0 su 10
Statistiche sulle risposte
Indizio Risposta % Corretto
Altezza 0,4 m
0%
Tasso di cattura 190 (35.2%)
0%
Sesso 50% ♂, 50% ♀
0%
Peso 8,5 kg
0%
Tipo Acqua / Folletto
0%
Abilità Grassospesso; Macroforza; Mangiaerba
0%
Pokémon Marill
0%
Stadio evoluzione Prima evoluzione
0%
Generazione Seconda
0%
Tasso di allevamento Veloce
0%
Nessun quiz corrispondente trovato
Distribuzione punteggi
Percentuale di utenti per punteggio
Percentile per numero di risposta
I tuoi punteggi nel tempo
Non hai fatto questo quiz